000 00335pab a2200145 454500
008 180718b2003 xxu||||| |||| 00| 0 eng d
100 _aDogra, Bharat
245 _aGandhiji's economic ideas remain relevant
260 _c2003
300 _ap.28-32.
362 _aOct
650 _aGandhi, M.K.
773 _aYojana
909 _a58240
999 _c58240
_d58240